| 000 | 00398pam a2200145 a 4500 | ||
|---|---|---|---|
| 020 |
_a9788184482393 _c |
||
| 041 | _h | ||
| 082 |
_a617.3 _bMEH |
||
| 100 | _aMEHTA A.K. | ||
| 245 |
_aA PRACTICAL OPERATIVE GUIDE FOR TOTAL KEE AND HIP REPLACEMENT (WITH CD) _hTextual Documents |
||
| 260 |
_bJAYPEE BROTHERS MEDICAL PUB. _c2008 |
||
| 300 |
_a178: _bXII; _cHB+ _eCD. |
||
| 930 | _a4630 | ||
| 999 |
_c799158 _d799158 |
||
| 650 | _aORTHO | ||